1209 1113 1781 1466 1778 1609 1038 1075 1358 1244 1630 1591 1024 1091 1131 1190 1929 1773 1128 1869 1622 1204 1351 1175 1509 1353 1590 1469 1799 1247 1846 1272 1741 1484 1283 1775 1831 1566 1258 1891 1161 1906 1188 1364 1935 1918 1049 1554 1234 1660 1391 1422 1413 1402 1730 1438 1536 1641 1718 1712 1617 1432 1820 1456 1024 1572 1550 1637 1983 1634 1331 1602 1416 1592 1247 1786 1934 1530 1204 1808 1101 1644 1374 1613 1319 1067 1319 1517 1912 1870 1412 1022 1874 1097 1538 1307 1285 1289 1231 BCNSPRNW ULIB Ver.6.0+V

เปลี่ยนเป็นภาษาไทย

Change to English
 แสดงรายละเอียดบรรณานุกรม
  กลับหน้าหลัก

Brief Record : Get Marc (ISO 2709) : E-mail record : QR code < ปิดหน้าต่าง
LEADER : 00000nam 2200000uu 4500
001    13399121990
003     ULIB
008    121218s2551||||th 000 0 tha d
020    ^a9789741149476
060 04 ^aWL355^bก336 2551
245 00 ^aก้าวทันการรักษาโรคหลอดเลือดสมอง =^bUpdate on poststrokemanagement /^cวุฒิชัย เพิ่มศิริวาณิชย์, ดารณี สุวพันธ์, บรรณาธิการ
246 31 ^aUpdate on poststroke management
260    ^a[สงขลา] :^bชานเมืองการพิมพ์,^c2551
300    ^a257 หน้า :^bภาพประกอบ ;^c26 ซม.
650  7 ^aหลอดเลือดสมองผิดปกติ
650  7 ^aหลอดเลือดสมองผิดปกติ^xการรักษา
650  7 ^aหลอดเลือดสมองผิดปกติ^xการฟื้นฟูสมรรถภาพ
700 0  ^aวุฒิชัย เพิ่มศิริวาณิชย์,^eบรรณาธิการ
700 0  ^aดารณี สุวพันธ์,^eบรรณาธิการ
945    ^p480^l0^i15624
945    ^p480^l0^i15625
945    ^p480^l0^i15893
945    ^p480^l0^i15956
995    ^aทศพร
999    ^aทศพร เกษรทอง
รายการนี้ยังไม่มีแท็ก
คุณยังไม่ได้ล็อกอิน คุณสามารถมีกิจกรรมร่วมกับเว็บไซต์ได้ แต่ต้องล็อกอินก่อน ::
  ล็อกอิน

รายการสื่อสารสนเทศ

ลำดับที่ ประเภท เลขเรียก/บาร์โค้ด สถานที่ สถานะ
1. วิทยาศาสตร์การแพทย์ และสุขภาพ
วิทยาศาสตร์การแพทย์ และสุขภาพ
WL355 ก336 2551 ฉ.1 
  Barcode: 15624
ห้องสมุดวิทยาเขตสวรรค์ประชารักษ์
►ส่วนจัดเก็บหนังสือเก่า สปร
บนชั้น
  ขอยืม
2. วิทยาศาสตร์การแพทย์ และสุขภาพ
วิทยาศาสตร์การแพทย์ และสุขภาพ
WL355 ก336 2551 ฉ.2 
  Barcode: 15625
ห้องสมุดวิทยาเขตสวรรค์ประชารักษ์
►ส่วนจัดเก็บหนังสือเก่า สปร
บนชั้น
  ขอยืม
3. วิทยาศาสตร์การแพทย์ และสุขภาพ
วิทยาศาสตร์การแพทย์ และสุขภาพ
WL355 ก336 2551 ฉ.3 
  Barcode: 15893
ห้องสมุดวิทยาเขตสวรรค์ประชารักษ์
►ส่วนจัดเก็บหนังสือเก่า สปร
บนชั้น
  ขอยืม
4. วิทยาศาสตร์การแพทย์ และสุขภาพ
วิทยาศาสตร์การแพทย์ และสุขภาพ
WL355 ก336 2551 ฉ.4 
  Barcode: 15956
ห้องสมุดวิทยาเขตสวรรค์ประชารักษ์
►ส่วนจัดเก็บหนังสือเก่า สปร
บนชั้น
  ขอยืม

รายการใกล้เคียง
    หัวเรื่อง [หลอดเลือดสมองผิดปกติ]

BibComment


ยังไม่เคยถูกคอมเมนท์

คอมเมนท์ทรัพยากรรายการนี้
  คอมเมนท์: ก้าวทันการรักษาโ..


 Copyright 2026. Bcnsprnw @Library